Paradox Pokemon - Statistics

General Stats
  • This quiz has been taken 26 times
  • The average score is 19 of 22
Answer Stats
Hint Answer % Correct
Prehistoric Amoonguss Brute Bonnet
100%
Prehistoric Donphan Great Tusk
100%
Prehistoric Jigglypuff Scream Tail
100%
Mechatronic Hariyama Iron Hands
96%
Prehistoric Magneton Sandy Shocks
96%
Prehistoric Mismagius Flutter Mane
92%
Mechatronic Donphan Iron Treads
92%
Mechatronic Hydreigon Iron Jugulis
88%
Mechatronic Gardevoir/ Gallade Iron Valiant
88%
Prehistoric Salamence Roaring Moon
88%
Prehistoric Volcarona Slither Wing
88%
Prehistoric Suicune Walking Wake
88%
Prehistoric Entei Gouging Fire
83%
Mechatronic Delibird Iron Bundle
83%
Mechatronic Cyclizar Iron Serpent
83%
Mechatronic Tyranitar Iron Thorns
83%
Prehistoric Cyclizar Winged King
83%
Mechatronic Virizion Iron Leaves
79%
Mechatronic Volcarona Iron Moth
79%
Prehistoric Raikou Raging Bolt
79%
Mechatronic Terrakion Iron Boulder
71%
Mechatronic Coballion Iron Crown
67%
No matching quizzes found
Score Distribution
Percent of People with Each Score
Percentile by Number Answered
Your Score History
You have not taken this quiz